English Premier League Top Goalscorers (2020-2021 Season) - Statistics

General Stats
  • This quiz has been taken 44 times
  • The average score is 14 of 20
Answer Stats
Team Goals Scored Player % Correct
Liverpool 22 Mohamed Salah
100%
Tottenham Hotspur 23 Harry Kane
92%
Leicester City 15 Jamie Vardy
92%
Manchester United 18 Bruno Fernandes
89%
Everton 16 Dominic Calvert-Lewin
83%
Crystal Palace 11 Wilfried Zaha
81%
Leed United 17 Patrick Bamford
75%
Arsenal 13 Alexandre Lacazette
72%
Aston Villa 14 Ollie Watkins
72%
Burnley 12 Chris Wood
69%
Manchester City 13 Ilkay Gündogan
69%
West Ham 10 Michail Antonio & Tomas Soucek
69%
Wolverhampton Wanderers 5 Rúben Neves & Pedro Neto
67%
Southampton 12 Danny Ings
61%
Brighton & Hove Albion 8 Neal Maupay
61%
Newcastle United 12 Callum Wilson
56%
Chelsea 7 Jorginho
53%
Sheffield United 8 David McGoldrick
47%
West Bromwich Albion 11 Matheus Pereira
36%
Fulham 5 Bobby Decordova-Reid
22%
No matching quizzes found
Score Distribution
Percent of People with Each Score
Percentile by Number Answered
Your Score History
You have not taken this quiz